Home winemaker's handbook /

Saved in:
Bibliographic Details
Main Author: Taylor, Walter S.
Other Authors: Vine, Richard P (joint author.)
Format: Book
Language:English
Published: New York : Harper & Row, [1968].
Edition:[1st ed.]
Subjects:
LEADER 00934nam a22002531a 4500
001 c000166680
003 CARM
005 20030702143320.0
008 731207s1968 nyua 000 0 eng
019 1 |a 23920108  |z 715938  |5 LACONCORD2021 
035 |a (OCoLC)1137840  |5 LACONCORD2021 
040 |a LC  |b eng  |c LC  |d APLS 
050 0 0 |a TP548  |b .T34 
082 0 4 |a 641.8/72 
100 1 |a Taylor, Walter S. 
245 1 0 |a Home winemaker's handbook /  |c [by] Walter S. Taylor and Richard P. Vine. 
250 |a [1st ed.] 
260 |a New York :  |b Harper & Row,  |c [1968]. 
300 |a x, 195 p. :  |b ill. ;  |c 22 cm. 
650 0 |a Wine and wine making  |x Amateurs' manuals. 
700 1 |a Vine, Richard P,  |e joint author. 
852 8 |b CARM  |h A2:AJ14C0  |i B05206  |p 0230432  |f BK 
999 f f |i 68a4ccdd-e1c8-59a8-8cb9-4687b83f6ce0  |s 950fa5e4-d7e7-5d49-8433-51c1f77d62f6 
952 f f |p Can circulate  |a CAVAL  |b CAVAL  |c CAVAL  |d CARM 1 Store  |e B05206  |f A2:AJ14C0  |h Other scheme  |i book  |m 0230432